000 00557nam a2200145Ia 4500
008 200619s9999 xx 000 0 und d
020 _a978-0-13-706441-0
100 _aFawzy, Lara
245 _cLara Fawzy, Lu Dworski.--
_aEmerging business online :
_bGlobal markets and the power of B2B internet marketing /
260 _aUpper Saddle River, N.J:
_bPearson Education Ltd.
_c2011
300 _a291 pages
500 _aIncludes references and index.
650 _aInternet marketing -- Developing countries.
650 _aMarketing -- Developing countries.
999 _c363761
_d363761